Top countries with highest gas price - Statistics

General Stats
  • This quiz has been taken 6 times
  • The average score is 10 of 14
Answer Stats
Rank Price per gallon Country % Correct
09-10 7.27 United Kingdom
100%
12-13-14 7.08 Belgium
83%
06 7.57 Denmark
83%
08 7.34 Finland
83%
07 7.49 France
83%
11 7.19 Germany
83%
12-13-14 7.08 Italy
83%
03 8.06 Netherlands
83%
04 8.02 Norway
83%
12-13-14 7.08 Sweden
83%
05 7.76 Greece
50%
02 9.54 Turkey
50%
09-10 7.27 Monaco
33%
01 9.61 Eritrea
17%
No matching quizzes found
Score Distribution
Percent of People with Each Score
Percentile by Number Answered
Your Score History
You have not taken this quiz